[Event "Scarborough CC Spring Into Summer U1700"]
[Site "Toronto"]
[Date "2011.05.26"]
[Round "4"]
[White "Azizi, Hamid"]
[Black "Aghamalian, Leonid"]
[Result "0-1"]
[WhiteElo "1388"]
[BlackElo "1484"]
[PlyCount "82"]
[EventDate "2011.04.28"]
[EventType "swiss"]
[EventRounds "9"]
[EventCountry "CAN"]
[SourceTitle "EXT 2022"]
[Source "ChessBase"]
[SourceDate "2021.10.06"]
[SourceVersion "1"]
[SourceVersionDate "2021.10.06"]
[SourceQuality "1"]

1. d3 d5 2. e3 e5 3. c3 Nc6 4. Ne2 Nf6 5. f3 Bd6 6. Ng3 0-0 7. Be2 Re8 8. 0-0 b6 9. Nd2 Bb7 10. Re1 d4 11. e4 Ne7 12. Ndf1 c5 13. Bg5 Ng6 14. Nh5 Be7 15. Nfg3 Nxh5 16. Bxe7 Qxe7 17. Nxh5 Qg5 18. Ng3 Nf4 19. Bf1 h5 20. Qc2 g6 21. Kh1 Kg7 22. Rad1 Rh8 23. Rd2 h4 24. Ne2 Nh5 25. Ng1 Nf4 26. Rf2 Nh5 27. Nh3 Qh6 28. Qc1 Qh7 29. Be2 Bc8 30. Ng5 Qg8 31. Nh3 Bxh3 32. gxh3 Nf4 33. Bf1 Qc8 34. Bg2 Nxd3 35. Qd2 Nxe1 36. Qxe1 Qe6 37. b3 Rhd8 38. c4 d3 39. Rd2 Rd4 40. Qxh4 Rh8 41. Qg3 Qf6 0-1

[Event "Scarborough CC Spring Into Summer U1700"]
[Site "Toronto"]
[Date "2011.05.19"]
[Round "3"]
[White "Aghamalian, Leonid"]
[Black "Aghamalian, Derick"]
[Result "0-1"]
[WhiteElo "1484"]
[BlackElo "1577"]
[PlyCount "117"]
[EventDate "2011.04.28"]
[EventType "swiss"]
[EventRounds "9"]
[EventCountry "CAN"]
[SourceTitle "EXT 2022"]
[Source "ChessBase"]
[SourceDate "2021.10.06"]
[SourceVersion "1"]
[SourceVersionDate "2021.10.06"]
[SourceQuality "1"]

1. d4 d5 2. c4 e6 3. Nc3 Nf6 4. Bg5 Nbd7 5. cxd5 exd5 6. Qb3 c6 7. Nf3 Be7 8. g3 h6 9. Bd2 Qb6 10. Qc2 Nf8 11. Bg2 Ne6 12. e3 Bd7 13. 0-0 0-0 14. Ne5 Rfe8 15. Rfc1 Bd6 16. Nxd7 Nxd7 17. Na4 Qd8 18. Qb3 b5 19. Nc3 Rc8 20. Qd1 Nf6 21. Rc2 Qb6 22. Rac1 Qb7 23. Qe2 a6 24. a3 Nxd4 25. Qd1 Nxc2 26. Qxc2 Rc7 27. Na2 Nd7 28. Qd1 Ne5 29. Rc3 Nc4 30. Rc2 Be5 31. Qg4 Qc8 32. Qxc8 Rcxc8 33. Bc3 Bxc3 34. Nxc3 a5 35. Ne2 a4 36. Nd4 Re5 37. Bh3 Rc7 38. Nf3 Ree7 39. Nd4 Re8 40. Nf5 Kh7 41. Nd4 Rb8 42. Bf1 g6 43. Nf3 Kg7 44. Nd4 Kf6 45. Kg2 Re8 46. Bd3 h5 47. h4 Rb8 48. Nf3 Ne5 49. Ne1 c5 50. Be2 c4 51. Bf3 Nxf3 52. Nxf3 b4 53. Nd4 bxa3 54. bxa3 Rb3 55. Nxb3 axb3 56. Rb2 c3 57. Rb1 c2 58. Rxb3 c1Q 59. Rb6+ 0-1